zpět

Detail výsledku týmu

The PUB Praha 6 , Praha

Datum a čas kvízu

21 Celkem bodů Celkový počet nahraných bodů na tomto kvízu bez doplňovacích otázek.
6. Pořadí na kvízu Konečné umístění týmu na tomto kvízu.

Zaznamenané odpovědi

# Otázka Odpověď Body Výsledky
1. Krátce po sobotním poledni vyj... z Malešic 0
2. V úterý se jeden karibský stát... Barbados 1
3. Minulý týden jsme se dozvěděli... Iva Pazderková 0
4. Jen pár hodin po uvedení na tr... o pivo 0
5. Minulý týden se v Paříži udělo... posedmé 1
6. Po slavných psech a koních při... Francie 1
7. Kočka na obrázku pochází ze st... Simonova kočka (Simon's Cat) 0
8. Ve Spojeném království jsou ko... myšilov 1
9. Neopomeneme ani slavné literár... Šklíba 1
10. Téma slavných koček zakončíme... Bastet 0